000 00712nam a2200253Ia 4500
003 OSt
005 20221006143032.0
006 a|||||r|||| 00| 0
007 ta
008 221006b |||||||| |||| 00| 0 eng d
020 _cP15.95
024 _a7,860
037 _cTextual
040 _aEASL
_cEASL
_beng
041 _2eng
_aeng
082 _aD66.42.N90, N0
100 _aFUCINI Joseph J.
_9649016
245 0 _aWorking for the Japanese
_b Inside Mazda's American auto plant
260 _aNew York
_bFree Press
_c1990
300 _a258p.
_ccm.
700 _a FUCINI Suzy
_9649017
942 _hD66.42.N90, N0
_cTEXL
_2CC
999 _c1075946
_d1075946